[Event "BI-2011-F-00011"]
[Site "LSS email"]
[Date "2012.02.12"]
[Round "?"]
[White "Do Amaral, Rogerio Einloft"]
[Black "Tausnev, Vladimir"]
[Result "1/2-1/2"]
[WhiteElo "1865"]
[BlackElo "1862"]
[PlyCount "72"]
[EventDate "2012.02.15"]
[EventType "tourn (corr)"]
[EventRounds "10"]
[EventCountry "GER"]
[SourceTitle "Telechess CBM 153"]
[Source "ChessBase"]
[SourceDate "2013.03.14"]
[SourceVersion "1"]
[SourceVersionDate "2013.03.14"]
[SourceQuality "1"]

1. e4 c5 2. Nf3 Nc6 3. Bb5 g6 4. 0-0 Bg7 5. c3 Nf6 6. e5 Nd5 7. d4 cxd4 8. cxd4 0-0 9. Nc3 Nc7 10. Re1 Nxb5 11. Nxb5 a6 12. Nc3 d6 13. exd6 exd6 14. Bg5 Qb6 15. Nd5 Qa5 16. Nf6+ Bxf6 17. Bxf6 Be6 18. Ng5 Qf5 19. Nxe6 fxe6 20. Bh4 Qd5 21. f3 Qxd4+ 22. Bf2 Qd5 23. Qxd5 exd5 24. Rad1 Rf5 25. Re3 Rc8 26. Rc3 h5 27. Bg3 Rd8 28. a3 Kf7 29. Rb3 Rd7 30. Rbd3 Ke6 31. Re3+ Ne5 32. f4 h4 33. fxe5 hxg3 34. exd6+ Kxd6 35. Rxg3 g5 36. h3 Re7 1/2-1/2

[Event "WC-2016-P-00016"]
[Site "LSS email"]
[Date "2012.02.12"]
[Round "?"]
[White "Parker, Steph"]
[Black "Tausnev, Vladimir"]
[Result "1-0"]
[WhiteElo "1514"]
[BlackElo "1749"]
[PlyCount "63"]
[EventDate "2012.02.15"]
[EventType "tourn (corr)"]
[EventRounds "12"]
[EventCountry "GER"]
[SourceTitle "Telechess CBM 165"]
[Source "ChessBase"]
[SourceDate "2015.03.11"]
[SourceVersion "1"]
[SourceVersionDate "2015.03.11"]
[SourceQuality "1"]

1. e4 e6 2. d4 d5 3. Nc3 Nf6 4. Bg5 dxe4 5. Nxe4 Be7 6. Bxf6 gxf6 7. Nf3 f5 8. Nc3 a6 9. g3 b5 10. Bg2 Bb7 11. 0-0 0-0 12. Qd2 c5 13. Qf4 cxd4 14. Rfd1 Nd7 15. Rxd4 Bxf3 16. Qxf3 Bf6 17. Rd2 Qc7 18. Rad1 Ne5 19. Qf4 Rad8 20. Ne4 Be7 21. Rxd8 Rxd8 22. Rxd8+ Bxd8 23. Nc3 Qd6 24. Bf1 Qc5 25. Bg2 Bb6 26. Bf1 Ng4 27. Nd1 Qxc2 28. Qb8+ Kg7 29. Qxb6 Qxd1 30. h3 Nh2 31. Kxh2 Qxf1 32. Qe3 1-0

[Event "WC-2016-P-00016"]
[Site "LSS email"]
[Date "2012.02.12"]
[Round "?"]
[White "Roques, Pascal"]
[Black "Tausnev, Vladimir"]
[Result "1-0"]
[WhiteElo "2214"]
[BlackElo "1749"]
[PlyCount "79"]
[EventDate "2012.02.15"]
[EventType "tourn (corr)"]
[EventRounds "12"]
[EventCountry "GER"]
[SourceTitle "Telechess CBM 165"]
[Source "ChessBase"]
[SourceDate "2015.03.11"]
[SourceVersion "1"]
[SourceVersionDate "2015.03.11"]
[SourceQuality "1"]

1. e4 c5 2. Nf3 Nc6 3. d4 cxd4 4. Nxd4 Nf6 5. Nc3 d6 6. Bg5 e6 7. Qd2 a6 8. 0-0-0 Bd7 9. f3 b5 10. Kb1 Be7 11. a3 0-0 12. g4 Rb8 13. Nb3 Bc8 14. Be2 Bb7 15. Rhf1 h6 16. Bxh6 gxh6 17. Qxh6 Nh7 18. f4 Kh8 19. e5 Rg8 20. exd6 Qf8 21. Qh5 Bxd6 22. Bd3 Rg7 23. Ne4 Be7 24. g5 Kg8 25. f5 exf5 26. Rxf5 Bc8 27. Rf4 Ne5 28. Nf6+ Nxf6 29. gxf6 Bxf6 30. Rxf6 Bg4 31. Qh4 Bxd1 32. Rh6 f6 33. Rh8+ Kf7 34. Rxf8+ Rxf8 35. Qd4 Nxd3 36. Qd5+ Ke8 37. Qxd3 Bg4 38. Qe4+ Kf7 39. Qb7+ Kg6 40. Qxa6 1-0

[Event "WC-2016-P-00016"]
[Site "LSS email"]
[Date "2012.02.12"]
[Round "?"]
[White "Tausnev, Vladimir"]
[Black "Dominguez Fernandez, Santiago"]
[Result "0-1"]
[WhiteElo "1749"]
[BlackElo "2167"]
[PlyCount "84"]
[EventDate "2012.02.15"]
[EventType "tourn (corr)"]
[EventRounds "12"]
[EventCountry "GER"]
[SourceTitle "Telechess CBM 165"]
[Source "ChessBase"]
[SourceDate "2015.03.11"]
[SourceVersion "1"]
[SourceVersionDate "2015.03.11"]
[SourceQuality "1"]

1. d4 d5 2. c4 c6 3. Nf3 Nf6 4. Nc3 e6 5. Bg5 dxc4 6. e4 b5 7. e5 h6 8. Bh4 g5 9. Nxg5 hxg5 10. Bxg5 Nbd7 11. exf6 Bb7 12. g3 Qb6 13. Bg2 0-0-0 14. 0-0 Ne5 15. dxe5 Rxd1 16. Rfxd1 b4 17. Ne4 c5 18. Rdc1 Bd5 19. Nd2 Qb7 20. Bf1 c3 21. bxc3 Qc7 22. Bf4 Bh6 23. Bxh6 Rxh6 24. cxb4 Qxe5 25. Rxc5+ Kd8 26. Rac1 Rxf6 27. Rc8+ Ke7 28. R1c7+ Kd6 29. Nc4+ Bxc4 30. Rxc4 Qb2 31. f4 Rh6 32. h3 Ke7 33. b5 Qa1 34. h4 Qe1 35. Kg2 Kf6 36. R8c7 Rg6 37. Rc3 Qd2+ 38. Kh3 Qxa2 39. h5 Qd5 40. Kh4 Rg8 41. R3c5 Qd4 42. Bh3 Rb8 0-1

[Event "BI-2011-F-00011"]
[Site "LSS email"]
[Date "2012.02.12"]
[Round "?"]
[White "Tausnev, Vladimir"]
[Black "Sukhorskij, Vladimir Stanislavo"]
[Result "1/2-1/2"]
[WhiteElo "1862"]
[BlackElo "2113"]
[PlyCount "97"]
[EventDate "2012.02.15"]
[EventType "tourn (corr)"]
[EventRounds "10"]
[EventCountry "GER"]
[SourceTitle "Telechess CBM 153"]
[Source "ChessBase"]
[SourceDate "2013.03.14"]
[SourceVersion "1"]
[SourceVersionDate "2013.03.14"]
[SourceQuality "1"]

1. e4 c5 2. Nc3 Nc6 3. f4 e6 4. Nf3 a6 5. d4 cxd4 6. Nxd4 Nxd4 7. Qxd4 b5 8. Be2 Bb7 9. Be3 Rc8 10. a3 Nf6 11. Bf3 Rc4 12. Qd3 Qc7 13. 0-0 Bc5 14. Kh1 Bxe3 15. Qxe3 d6 16. Rad1 0-0 17. Be2 Rc5 18. Qd4 Rc6 19. Rf3 e5 20. Qd2 Rb6 21. Nd5 Bxd5 22. exd5 Rd8 23. b3 Qb8 24. c4 e4 25. Rg3 bxc4 26. Bxc4 Kf8 27. h3 Qa7 28. Re3 h5 29. Rde1 Re8 30. Qd1 Qd7 31. Qd4 Reb8 32. Rg3 a5 33. a4 Rb4 34. Rg5 Rc8 35. Qc3 Rbxc4 36. bxc4 Qxa4 37. Rc1 Qb4 38. Kg1 Qc5+ 39. Kh2 Qb4 40. Qe3 Rc5 41. Rc2 a4 42. Qc1 h4 43. g3 Qb3 44. gxh4 Qd3 45. Rg3 Qd4 46. Rgc3 Nh5 47. Qg1 Qxg1+ 48. Kxg1 Nxf4 49. Kf2 1/2-1/2

[Event "CP-2010-Q-00006"]
[Site "LSS email"]
[Date "2012.01.15"]
[Round "?"]
[White "Ivanov, Valerij"]
[Black "Tausnev, Vladimir"]
[Result "1/2-1/2"]
[WhiteElo "2252"]
[BlackElo "1757"]
[PlyCount "47"]
[EventDate "2012.01.20"]
[EventType "tourn (corr)"]
[EventRounds "6"]
[EventCountry "GER"]
[SourceTitle "Telechess CBM 159"]
[Source "ChessBase"]
[SourceDate "2014.03.17"]
[SourceVersion "1"]
[SourceVersionDate "2014.03.17"]
[SourceQuality "1"]

1. e4 c5 2. Nf3 Nc6 3. d4 cxd4 4. Nxd4 Nf6 5. Nc3 d6 6. Bg5 e6 7. Qd2 Be7 8. 0-0-0 0-0 9. f4 Nxd4 10. Qxd4 Qa5 11. e5 dxe5 12. Qxe5 Qxe5 13. fxe5 Nd5 14. Bxe7 Nxe7 15. Bd3 b6 16. Rhe1 Bb7 17. Bxh7+ Kxh7 18. Rd7 Bxg2 19. Rxe7 a6 20. Re2 Bf3 21. Re3 Bc6 22. Ne4 Bxe4 23. Rxe4 Rae8 24. Rb7 1/2-1/2

[Event "BI-2011-P-00009"]
[Site "LSS email"]
[Date "2011.04.17"]
[Round "?"]
[White "Lanin, Boris Aleksandrovic"]
[Black "Tausnev, Vladimir"]
[Result "1/2-1/2"]
[WhiteElo "1917"]
[BlackElo "1940"]
[PlyCount "109"]
[EventDate "2011.04.20"]
[EventType "tourn (corr)"]
[EventRounds "10"]
[EventCountry "GER"]
[SourceTitle "Telechess CBM 155"]
[Source "ChessBase"]
[SourceDate "2013.07.16"]
[SourceVersion "1"]
[SourceVersionDate "2013.07.16"]
[SourceQuality "1"]

1. d4 Nf6 2. Bg5 Ne4 3. Bh4 c5 4. Nd2 d5 5. Nxe4 dxe4 6. dxc5 Qa5+ 7. c3 Qxc5 8. e3 g5 9. Bg3 Bg7 10. Ne2 0-0 11. h4 g4 12. h5 Nc6 13. h6 Bf6 14. Nd4 Be6 15. Be2 Rfd8 16. Qa4 Nxd4 17. cxd4 Qb6 18. Qa3 Rdc8 19. Rh5 Rc2 20. Rb1 Bd7 21. Bd1 Rcc8 22. Qa5 Qxa5+ 23. Rxa5 a6 24. Rh5 Be6 25. b3 Rc3 26. Be5 Bd7 27. Bxf6 exf6 28. Rc5 Rxc5 29. dxc5 Kf8 30. b4 Ke7 31. Bb3 f5 32. Bd5 Rb8 33. Rd1 Ba4 34. Rd4 Bb5 35. Bb3 b6 36. Rd5 Bd7 37. Rd6 bxc5 38. bxc5 a5 39. Ra6 a4 40. Bxa4 Bxa4 41. Rxa4 Rb1+ 42. Kd2 Rb2+ 43. Kc3 Rxf2 44. Ra7+ Ke6 45. c6 Rf1 46. c7 Rc1+ 47. Kd2 Rc5 48. a4 g3 49. Rb7 Kd6 50. c8Q Rxc8 51. Rxf7 Ra8 52. Rxh7 Rxa4 53. Rh8 Ra7 54. h7 Rd7 55. Ke2 1/2-1/2

[Event "BI-2011-P-00009"]
[Site "LSS email"]
[Date "2011.04.17"]
[Round "?"]
[White "Vasquez Nigro, Dario Javier"]
[Black "Tausnev, Vladimir"]
[Result "1/2-1/2"]
[WhiteElo "2111"]
[BlackElo "1940"]
[PlyCount "243"]
[EventDate "2011.04.20"]
[EventType "tourn (corr)"]
[EventRounds "10"]
[EventCountry "GER"]
[SourceTitle "Telechess CBM 155"]
[Source "ChessBase"]
[SourceDate "2013.07.16"]
[SourceVersion "1"]
[SourceVersionDate "2013.07.16"]
[SourceQuality "1"]

1. e4 c5 2. Nf3 Nc6 3. Bb5 d6 4. 0-0 Bd7 5. c3 Nf6 6. Re1 a6 7. Ba4 b5 8. Bc2 e5 9. h3 Be7 10. d4 0-0 11. d5 Na5 12. b3 h6 13. Nbd2 Qb6 14. Nf1 c4 15. b4 Nb7 16. Be3 Qc7 17. a4 a5 18. axb5 Bxb5 19. Qb1 Rfb8 20. Ng3 Bd8 21. Nd2 axb4 22. Rxa8 Rxa8 23. Qxb4 Ra5 24. Rb1 Ba6 25. Ba4 Nc5 26. Bc6 Nd3 27. Qb8 Kh7 28. Qxc7 Bxc7 29. Bb7 Bb5 30. Nf5 Nh5 31. Kh2 Nf6 32. Ne7 Ba4 33. Bc8 Rb5 34. Ra1 Nb2 35. Nc6 Bb6 36. Bxb6 Rxb6 37. Nxc4 Nxc4 38. Rxa4 Nd2 39. Rb4 Rxb4 40. cxb4 Ndxe4 41. b5 Nc5 42. b6 Nxd5 43. b7 Nxb7 44. Bxb7 Nc3 45. Kg3 g6 46. Kf3 f5 47. Nb4 Kg7 48. Ke3 Kf7 49. Kd3 Nd1 50. f3 Nb2+ 51. Kc3 Nd1+ 52. Kd2 Nf2 53. Nd3 Nh1 54. g4 Ng3 55. Ke3 f4+ 56. Kf2 Ke6 57. Nb4 Nh1+ 58. Ke1 Ng3 59. Bc6 Kf6 60. Nd5+ Ke6 61. Nc3 Ke7 62. Ne4 g5 63. Nxg3 fxg3 64. Kf1 Kd8 65. Kg2 Kc7 66. Be4 Kb6 67. Kxg3 Kc5 68. Kf2 d5 69. Bf5 Kd4 70. Ke2 Kc5 71. Kd3 Kc6 72. Kc3 Kb5 73. Bc2 Kc5 74. Bb3 Kc6 75. Kb4 Kd6 76. Kb5 e4 77. fxe4 dxe4 78. Kc4 Ke5 79. Kc3 h5 80. Kd2 Kf4 81. gxh5 Ke5 82. Bc2 Kf6 83. Bxe4 Kf7 84. Ke3 Kg7 85. Kf3 Kf7 86. Kg4 Kg7 87. Bf5 Kh6 88. Bg6 Kg7 89. Kf5 Kg8 90. Kf6 Kh8 91. Bf7 Kh7 92. Be6 Kh6 93. Kf7 Kh7 94. Kf8 Kh8 95. Kf7 Kh7 96. Ke7 Kg7 97. Ke8 Kh6 98. Kf8 Kh7 99. Bf5+ Kh8 100. Ke7 Kg7 101. Ke6 Kg8 102. Kf6 Kh8 103. Kg6 Kg8 104. Kh6 Kh8 105. Bd7 Kg8 106. Be8 Kh8 107. Bg6 Kg8 108. Bf5 Kh8 109. Bg4 Kg8 110. Kg6 Kh8 111. Kf7 Kh7 112. Kf8 Kh8 113. Be6 Kh7 114. Bg8+ Kh8 115. Bd5 Kh7 116. Bf3 Kh8 117. Ke7 Kg7 118. Bg4 Kg8 119. Kf6 Kh7 120. Bf5+ Kh8 121. Kg6 Kg8 122. Kh6 1/2-1/2

[Event "LSS RD-2010-0-00047"]
[Site "LSS email"]
[Date "2011.02.08"]
[Round "?"]
[White "Ribelles Sala, Maria Magdalena"]
[Black "Tausnev, Vladimir"]
[Result "0-1"]
[WhiteElo "1448"]
[BlackElo "1697"]
[PlyCount "42"]
[EventDate "2010.12.17"]
[EventType "tourn (corr)"]
[EventRounds "6"]
[EventCountry "GER"]
[SourceTitle "Telechess CBM 145"]
[Source "Chessbase"]
[SourceDate "2011.11.11"]
[SourceVersion "1"]
[SourceVersionDate "2011.11.11"]
[SourceQuality "1"]

1. e4 c5 2. Nf3 Nc6 3. d4 cxd4 4. Nxd4 Nf6 5. Nc3 e5 6. Ndb5 d6 7. Bg5 a6 8. Na3 b5 9. Nd5 Be7 10. Bxf6 Bxf6 11. c3 0-0 12. h4 Rb8 13. Nc2 a5 14. a4 bxa4 15. Rxa4 Rxb2 16. Qc1 Rb8 17. Be2 Bxh4 18. Nce3 Bg5 19. Rh5 f5 20. exf5 Bxf5 21. g4 Rb1 0-1

[Event "SD-2011-0-00085"]
[Site "LSS email"]
[Date "2011.02.07"]
[Round "?"]
[White "Ribelles Sala, Maria Magdalena"]
[Black "Tausnev, Vladimir"]
[Result "0-1"]
[WhiteElo "1448"]
[BlackElo "1739"]
[PlyCount "36"]
[EventDate "2011.01.19"]
[EventType "tourn (corr)"]
[EventRounds "6"]
[EventCountry "GER"]
[SourceTitle "Corr 2013"]
[Source "ChessBase"]
[SourceDate "2012.11.12"]
[SourceVersion "1"]
[SourceVersionDate "2012.11.12"]
[SourceQuality "1"]

1. e4 c5 2. Nf3 Nc6 3. d4 cxd4 4. Nxd4 Nf6 5. Nc3 e6 6. Bc4 Qc7 7. Bb3 a6 8. Be3 Bb4 9. 0-0 0-0 10. f3 d5 11. exd5 Bxc3 12. bxc3 Nxd5 13. Bxd5 exd5 14. Nxc6 Qxc6 15. Rb1 Bf5 16. Bd4 b5 17. Qd2 f6 18. Kh1 Qc4 0-1

[Event "LSS SD-2010-0-00071"]
[Site "LSS email"]
[Date "2010.10.10"]
[Round "?"]
[White "Tausnev, Vladimir"]
[Black "Moreira, Carlos Alberto Lima"]
[Result "1/2-1/2"]
[WhiteElo "1697"]
[BlackElo "1736"]
[PlyCount "121"]
[EventDate "2010.08.28"]
[EventType "tourn (corr)"]
[EventRounds "6"]
[EventCountry "GER"]
[SourceTitle "Telechess CBM 145"]
[Source "Chessbase"]
[SourceDate "2011.11.11"]
[SourceVersion "1"]
[SourceVersionDate "2011.11.11"]
[SourceQuality "1"]

1. e4 e5 2. Nf3 Nc6 3. Bc4 Bc5 4. d3 Nf6 5. c3 d6 6. 0-0 0-0 7. Bb3 h6 8. Nbd2 Re8 9. h3 a6 10. Re1 Ba7 11. Nf1 Be6 12. Be3 Bxe3 13. Nxe3 d5 14. Nxd5 Nxd5 15. exd5 Bxd5 16. d4 e4 17. Nd2 f5 18. f3 e3 19. f4 Na5 20. Bxd5+ Qxd5 21. Nf1 Nc4 22. b3 Nd6 23. Nxe3 Qf7 24. Qf3 Re4 25. Nf1 Rae8 26. Re3 Rxe3 27. Nxe3 Qe6 28. Re1 Ne4 29. c4 Kh7 30. Kh2 g6 31. c5 Qf6 32. Rd1 Qh4 33. Nc4 Qf2 34. Qxf2 Nxf2 35. Rf1 Ne4 36. Na5 Rd8 37. Rd1 Nxc5 38. b4 Ne4 39. Nxb7 Rb8 40. Nc5 Rxb4 41. Nxa6 Ra4 42. Nxc7 Rxa2 43. d5 Ra7 44. Ne6 Kg8 45. Nd8 Rd7 46. Nc6 Nc3 47. Rd3 Ne4 48. Ne5 Rd6 49. Nc4 Rd7 50. g3 Kg7 51. Kg2 Kf6 52. Kf3 Rd8 53. g4 Nd6 54. Nb6 Nb5 55. Rd2 Nc3 56. Ke3 Nb5 57. Rc2 Rd6 58. Rc6 fxg4 59. hxg4 Rxc6 60. dxc6 Ke6 61. Nc4 1/2-1/2

[Event "LSS SD-2010-0-00057"]
[Site "LSS email"]
[Date "2010.05.14"]
[Round "?"]
[White "Tausnev, Vladimir"]
[Black "Van de Peut, Aart A"]
[Result "1-0"]
[WhiteElo "1490"]
[BlackElo "1421"]
[PlyCount "43"]
[EventDate "2010.03.29"]
[EventType "tourn (corr)"]
[EventRounds "6"]
[EventCountry "GER"]
[SourceTitle "Telechess CBM 141"]
[Source "ChessBase"]
[SourceDate "2011.03.17"]
[SourceVersion "1"]
[SourceVersionDate "2011.03.17"]
[SourceQuality "1"]

1. e4 e5 2. Nf3 Nc6 3. Bc4 Nf6 4. d3 Be7 5. 0-0 0-0 6. Re1 d6 7. a4 Na5 8. Ba2 c5 9. h3 Nc6 10. Na3 h6 11. c3 a6 12. Nc2 Bd7 13. Ne3 b5 14. Nh4 d5 15. exd5 Nxd5 16. Bxd5 Bxh4 17. Qf3 Rc8 18. axb5 axb5 19. Ng4 Bxg4 20. hxg4 Qd6 21. Ra6 e4 22. Qxe4 1-0

[Event "LSS RE-2009-0-00031"]
[Site "LSS email"]
[Date "2009.12.01"]
[Round "?"]
[White "Hueseyin, Oezoguz"]
[Black "Tausnev, Vladimir"]
[Result "0-1"]
[WhiteElo "1358"]
[BlackElo "1201"]
[PlyCount "50"]
[EventDate "2009.09.05"]
[EventType "tourn (corr)"]
[EventRounds "6"]
[EventCountry "GER"]
[SourceTitle "Telechess CBM 137"]
[Source "ChessBase"]
[SourceDate "2010.07.15"]
[SourceVersion "1"]
[SourceVersionDate "2010.07.15"]
[SourceQuality "1"]

1. e4 c5 2. Nf3 Nc6 3. d4 cxd4 4. Nxd4 Nf6 5. Nc3 e5 6. Ndb5 d6 7. Bg5 a6 8. Na3 b5 9. Nd5 Be7 10. Bxf6 Bxf6 11. c3 0-0 12. Nc2 Bg5 13. a4 bxa4 14. Rxa4 a5 15. Bc4 Rb8 16. b3 Kh8 17. Nce3 g6 18. Ra2 Ne7 19. 0-0 Nxd5 20. Nxd5 f5 21. Qe2 Bd7 22. exf5 Rxf5 23. Rfa1 a4 24. bxa4 Qa5 25. Qd3 Kg7 0-1

[Event "LSS OP-2009-0-00985"]
[Site "LSS email"]
[Date "2009.11.02"]
[Round "?"]
[White "Tausnev, Vladimir"]
[Black "Dittmer, Lutz Michael"]
[Result "1-0"]
[WhiteElo "1587"]
[BlackElo "583"]
[PlyCount "29"]
[EventDate "2009.10.28"]
[EventType "tourn (corr)"]
[EventRounds "4"]
[EventCountry "GER"]
[SourceTitle "Corr 2015"]
[Source "ChessBase"]
[SourceDate "2015.07.17"]
[SourceVersion "1"]
[SourceVersionDate "2015.07.17"]
[SourceQuality "1"]

1. e4 c5 2. Nf3 Nc6 3. d4 e6 4. d5 exd5 5. exd5 Nf6 6. dxc6 dxc6 7. Qxd8+ Kxd8 8. Nc3 Be6 9. Ng5 Bd6 10. Nce4 Rc8 11. Nxd6 Rb8 12. Nxe6+ Kd7 13. Nxf7 Rhe8 14. Nfg5 Ng4 15. Be2 1-0

[Event "LSS SN-2009-0-00187"]
[Site "LSS email"]
[Date "2009.09.23"]
[Round "?"]
[White "Tausnev, Vladimir"]
[Black "Reed, James A"]
[Result "1-0"]
[WhiteElo "800"]
[BlackElo "746"]
[PlyCount "67"]
[EventDate "2009.09.11"]
[EventType "tourn (corr)"]
[EventRounds "6"]
[EventCountry "GER"]
[SourceTitle "Telechess CBM 137"]
[Source "ChessBase"]
[SourceDate "2010.07.15"]
[SourceVersion "1"]
[SourceVersionDate "2010.07.15"]
[SourceQuality "1"]

1. d4 d5 2. Nf3 Bg4 3. Ne5 Bf5 4. c4 e6 5. cxd5 exd5 6. e4 Bxe4 7. Qb3 Bd6 8. Qxb7 Nd7 9. Nc6 Qc8 10. Qxc8+ Rxc8 11. Nc3 Ra8 12. Nxe4 h6 13. Nxd6+ cxd6 14. Bf4 Ne7 15. Rc1 Nxc6 16. Rxc6 0-0 17. Bxd6 Rfe8+ 18. Kd2 Rec8 19. Bb5 Rxc6 20. Bxc6 Rd8 21. Rc1 Nf6 22. Be5 Ne4+ 23. Ke3 a6 24. Bc7 Rc8 25. Bxd5 Nf6 26. Bb7 Re8+ 27. Kf3 Re7 28. Bxa6 Nd5 29. Be5 Nb4 30. Rc8+ Kh7 31. Bc4 f6 32. Bd6 Rd7 33. Bxb4 Rxd4 34. a4 1-0